|
|
|
|
| LEADER |
01557nam a22003377a 4500 |
| 001 |
mzk03001026279 |
| 003 |
CZ BrMZK |
| 005 |
20181124182332.0 |
| 007 |
ta |
| 008 |
050726s1542 gw fr|||||00| ||latod |
| 040 |
|
|
|a BOA001
|b cze
|c BOA001
|
| 072 |
|
7 |
|a 094
|x Staré tisky
|2 Konspekt
|9 12
|
| 080 |
|
|
|a (0.068)094
|2 MRF
|
| 100 |
0 |
|
|a Diogenés Laertios,
|d činný 2. století-3. století
|7 jn19990001787
|4 aut
|
| 245 |
1 |
0 |
|a De uitis ac moribus priscorum philosophorum libri decem :
|b Nouissime iam post omnes omnium castigationes noua diligentia emendati, ad exemplaria graeca sedulo collati, multisque uersibus quos anteriores editiones non habent, donati. id quod cordatus lector primo statim aspectu facile deprehendet
|
| 260 |
|
|
|a Coloniae :
|b Eucharius Cervicornus ,
|c 1542
|
| 300 |
|
|
|a [30], 671 s. ;
|c 8°
|
| 500 |
|
|
|a Výzdoba: Iniciály
|
| 510 |
4 |
|
|a VD16,
|c http://gateway-bayern.de/VD16+D+1839
|
| 561 |
|
|
|a Provenience: Domus Probationis Societatis Jesu Brunas 1605 die 3. Martii Catalogo inscriptus
|
| 655 |
|
7 |
|a staré tisky
|7 fd422076
|2 czenas
|
| 856 |
4 |
2 |
|u http://mdz-nbn-resolving.de/urn:nbn:de:bvb:12-bsb10994201-0
|y Digitalizovaný dokument
|z exemplář Bayerische Staatsbibliothek, sign. A.gr.b. 1306
|
| 903 |
|
|
|a RP
|
| 910 |
|
|
|a BOA001
|b G-0000.175
|
| 978 |
|
|
|b Cervicornus, Eucharius
|a Köln a.R.
|c 1542
|
| 984 |
|
|
|a Kolín nad Rýnem
|b Německo
|
| 985 |
|
|
|a 1501-1550
|
| 990 |
|
|
|a BK
|
| 993 |
|
|
|a Y
|
| 991 |
|
|
|k mzk
|
| 996 |
6 |
|
|b 2610420562
|c G-0000.175
|l stud. ST
|r Sklad / do násl. otevíracího dne
|n 0
|w 001074377
|u 000010
|a 1
|e BOA001
|s P
|